[Event "DVM U20 2019"]
[Site "Braunschweig"]
[Date "2019.12.27"]
[Round "2"]
[White "Eurich, Alexander"]
[Black "Hoenselaar, Dennis"]
[Result "1-0"]
[WhiteElo "1741"]
[BlackElo "1769"]
[Annotator "NA"]
[PlyCount "85"]
[EventDate "2019.12.27"]
[EventType "team-tourn"]
[EventRounds "7"]
[EventCountry "GER"]
[SourceTitle "playchess.com"]
[Source "ChessBase"]
[SourceQuality "1"]
[WhiteTeam "SF HN-Biberach"]
[BlackTeam "SK Turm Kleve"]
[TimeControl "40/5400+30:1800+30"]

1. e4 {[%emt 0:00:00]} g6 {[%emt 0:00:00]} 2. d4 {[%emt 0:02:17]} Bg7 {[%emt 0:00:00]} 3. Bf4 {[%emt 0:02:19]} d6 {[%emt 0:00:21]} 4. c3 {[%emt 0:02:37]} e6 {[%emt 0:03:31]} 5. Nf3 {[%emt 0:01:28]} Ne7 {[%emt 0:00:49]} 6. Bb5+ {[%emt 0:07:49]} Bd7 {[%emt 0:05:37]} 7. Qe2 {[%emt 0:03:19]} O-O {[%emt 0:05:01]} 8. O-O {[%emt 0:00:50]} Qe8 {[%emt 0:05:30]} 9. Na3 {[%emt 0:07:15]} a6 {[%emt 0:10:38]} 10. Bd3 {[%emt 0:03:31]} Bc6 {[%emt 0:14:17]} 11. Rfe1 {[%emt 0:05:26]} b6 {[%emt 0:08:56]} 12. Nc4 {[%emt 0:12:21]} Nc8 {[%emt 0:10:13]} 13. e5 {[%emt 0:13:23]} d5 {[%emt 0:02:43]} 14. Ne3 {[%emt 0:00:17]} Bb7 {[%emt 0:01:56]} 15. Ng4 {[%emt 0:01:25]} Nd7 {[%emt 0:00:11]} 16. Qd2 {[%emt 0:02:42]} f6 {[%emt 0:07:35]} 17. exf6 {[%emt 0:05:32]} Nxf6 {[%emt 0:00:18]} 18. Nxf6+ {[%emt 0:01:14]} Bxf6 {[%emt 0:02:08]} 19. Bxc7 {[%emt 0:02:09]} Qf7 {[%emt 0:01:16]} 20. Bg3 {[%emt 0:03:50]} Ne7 {[%emt 0:02:04]} 21. Be5 {[%emt 0:01:52]} Nc6 {[%emt 0:03:19]} 22. Bxf6 {[%emt 0:04:19]} Qxf6 {[%emt 0:00:02]} 23. Re2 {[%emt 0:00:25]} Rae8 {[%emt 0:00:48]} 24. Rae1 {[%emt 0:00:07]} Bc8 {[%emt 0:02:08]} 25. Qg5 {[%emt 0:03:58]} Qg7 {[%emt 0:02:36]} 26. b4 {[%emt 0:02:36]} b5 {[%emt 0:00:54]} 27. a4 {[%emt 0:00:46]} bxa4 {[%emt 0:00:23]} 28. Ra1 {[%emt 0:00:48]} Bd7 {[%emt 0:00:35]} 29. Bxa6 {[%emt 0:01:58]} Rf5 {[%emt 0:01:04]} 30. Qg3 {[%emt 0:00:24]} e5 {[%emt 0:00:49]} 31. dxe5 {[%emt 0:04:23]} Nxe5 {[%emt 0:00:11]} 32. Nd4 {[%emt 0:00:24]} Rff8 {[%emt 0:03:35]} 33. Rae1 {[%emt 0:01:55]} Nc4 {[%emt 0:01:30]} 34. Bb7 {[%emt 0:01:29]} Qf7 {[%emt 0:01:34]} 35. Rxe8 {[%emt 0:01:06]} Rxe8 {[%emt 0:00:24]} 36. Rxe8+ {[%emt 0:00:30]} Bxe8 {[%emt 0:00:00]} 37. Qb8 {[%emt 0:00:50]} Qd7 {[%emt 0:03:10]} 38. Bxd5+ {[%emt 0:00:35]} Qxd5 {[%emt 0:00:29]} 39. Qxe8+ {[%emt 0:00:06]} Kg7 {[%emt 0:00:11]} 40. Qxa4 {[%emt 0:00:32]} Qe4 {[%emt 0:00:46]} 41. Qd1 {[%emt 0:31:07]} Ne5 {[%emt 0:32:00]} 42. h3 {[%emt 0:00:26]} Nd3 {[%emt 0:00:38]} 43. Qe2 {[%emt 0:00:00] normal} 1-0

[Event "DVM U20 2019"]
[Site "Braunschweig"]
[Date "2019.12.27"]
[Round "2"]
[White "Kirschweng, Luca"]
[Black "Rösler, Hannah Clara Hed"]
[Result "0-1"]
[WhiteElo "1718"]
[BlackElo "1695"]
[Annotator "NA"]
[PlyCount "76"]
[EventDate "2019.12.27"]
[EventType "team-tourn"]
[EventRounds "7"]
[EventCountry "GER"]
[SourceTitle "playchess.com"]
[Source "ChessBase"]
[SourceQuality "1"]
[WhiteTeam "SG Trier"]
[BlackTeam "SK Bebenhausen"]
[TimeControl "40/5400+30:1800+30"]

1. d4 {[%emt 0:00:00]} Nf6 {[%emt 0:00:00]} 2. c4 {[%emt 0:00:00]} c5 {[%emt 0:00:13]} 3. d5 {[%emt 0:00:00]} b5 {[%emt 0:00:11]} 4. cxb5 {[%emt 0:00:30]} a6 {[%emt 0:00:10]} 5. Nc3 {[%emt 0:00:27]} axb5 {[%emt 0:01:12]} 6. Nxb5 {[%emt 0:01:44]} Ba6 {[%emt 0:00:35]} 7. Nc3 {[%emt 0:00:08]} g6 {[%emt 0:04:24]} 8. g3 {[%emt 0:00:36]} d6 {[%emt 0:01:15]} 9. Nf3 {[%emt 0:00:59]} Bg7 {[%emt 0:01:44]} 10. Bg2 {[%emt 0:00:46]} Qc7 {[%emt 0:06:04]} 11. O-O {[%emt 0:03:50]} Nbd7 {[%emt 0:03:13]} 12. Re1 {[%emt 0:00:45]} O-O {[%emt 0:02:32]} 13. e4 {[%emt 0:02:02]} Ng4 {[%emt 0:06:02]} 14. h3 {[%emt 0:09:17]} Nge5 {[%emt 0:01:02]} 15. Nxe5 {[%emt 0:05:48]} Bxe5 {[%emt 0:06:59]} 16. f4 {[%emt 0:02:04]} Bg7 {[%emt 0:00:26]} 17. h4 {[%emt 0:01:23]} c4 {[%emt 0:03:29]} 18. h5 {[%emt 0:03:03]} Nc5 {[%emt 0:03:14]} 19. f5 {[%emt 0:10:08]} Nd3 {[%emt 0:02:28]} 20. Re2 {[%emt 0:15:23]} Bc8 {[%emt 0:14:11]} 21. h6 {[%emt 0:03:04]} Bd4+ {[%emt 0:02:25]} 22. Be3 {[%emt 0:02:17]} Be5 {[%emt 0:03:33]} 23. Rd2 {[%emt 0:01:47]} Nxb2 {[%emt 0:11:20]} 24. Qc2 {[%emt 0:03:44]} Nd3 {[%emt 0:01:16]} 25. fxg6 {[%emt 0:03:12]} Qa5 {[%emt 0:04:26]} 26. gxh7+ {[%emt 0:01:30]} Kxh7 {[%emt 0:00:31]} 27. Rf1 {[%emt 0:07:48]} Qxc3 {[%emt 0:03:50]} 28. Qd1 {[%emt 0:03:55]} Bd4 {[%emt 0:01:38]} 29. Bxd4 {[%emt 0:00:38]} Qxd4+ {[%emt 0:00:05]} 30. Kh2 {[%emt 0:00:30]} Qe5 {[%emt 0:00:50]} 31. Qf3 {[%emt 0:03:33]} Qg5 {[%emt 0:03:31]} 32. Re2 {[%emt 0:02:10]} Ba6 {[%emt 0:01:01]} 33. Qf5+ {[%emt 0:00:57]} Qxf5 {[%emt 0:00:45]} 34. exf5 {[%emt 0:00:15]} Ne5 {[%emt 0:00:47]} 35. f6 {[%emt 0:02:36]} c3 {[%emt 0:01:43]} 36. Be4+ {[%emt 0:00:19]} Kxh6 {[%emt 0:01:14]} 37. fxe7 {[%emt 0:02:21]} Rfe8 {[%emt 0:00:45]} 38. Rf6+ {[%emt 0:02:08]} Kg7 {[%emt 0:00:11] normal} 0-1

[Event "DVM U20 2019"]
[Site "Braunschweig"]
[Date "2019.12.27"]
[Round "2"]
[White "Ortner, Jonas Ruben"]
[Black "Roos, Elias"]
[Result "0-1"]
[WhiteElo "1718"]
[BlackElo "1812"]
[Annotator "NA"]
[PlyCount "128"]
[EventDate "2019.12.27"]
[EventType "team-tourn"]
[EventRounds "7"]
[EventCountry "GER"]
[SourceTitle "playchess.com"]
[Source "ChessBase"]
[SourceQuality "1"]
[WhiteTeam "SK Bebenhausen"]
[BlackTeam "SG Trier"]
[TimeControl "40/5400+30:1800+30"]

1. e4 {[%emt 0:00:00]} c5 {[%emt 0:00:00]} 2. Nf3 {[%emt 0:00:00]} d6 {[%emt 0:00:00]} 3. d4 {[%emt 0:00:00]} cxd4 {[%emt 0:00:00]} 4. Nxd4 {[%emt 0:00:01]} Nf6 {[%emt 0:00:00]} 5. f3 {[%emt 0:00:10]} Nc6 {[%emt 0:00:26]} 6. c4 {[%emt 0:00:42]} g6 {[%emt 0:00:59]} 7. Nc3 {[%emt 0:00:45]} Bg7 {[%emt 0:00:19]} 8. Be3 {[%emt 0:00:48]} Bd7 {[%emt 0:01:06]} 9. Be2 {[%emt 0:00:52]} O-O {[%emt 0:03:25]} 10. Qd2 {[%emt 0:03:10]} Rc8 {[%emt 0:07:14]} 11. O-O {[%emt 0:06:47]} Ne5 {[%emt 0:10:38]} 12. b3 {[%emt 0:01:14]} Re8 {[%emt 0:01:27]} 13. Rac1 {[%emt 0:08:50]} Qa5 {[%emt 0:05:50]} 14. h3 {[%emt 0:12:23]} Nc6 {[%emt 0:10:24]} 15. Nxc6 {[%emt 0:19:23]} Bxc6 {[%emt 0:14:28]} 16. Rb1 {[%emt 0:05:32]} Nh5 {[%emt 0:06:41]} 17. b4 {[%emt 0:05:43]} Qe5 {[%emt 0:02:19]} 18. Rfc1 {[%emt 0:02:49]} Qg3 {[%emt 0:12:52]} 19. Bf2 {[%emt 0:07:07]} Qf4 {[%emt 0:01:12]} 20. Qxf4 {[%emt 0:01:03]} Nxf4 {[%emt 0:00:01]} 21. Bf1 {[%emt 0:00:09]} b6 {[%emt 0:04:35]} 22. g3 {[%emt 0:01:54]} Ne6 {[%emt 0:00:44]} 23. Rd1 {[%emt 0:04:42]} Bxc3 {[%emt 0:00:15]} 24. Rd3 {[%emt 0:01:32]} Bg7 {[%emt 0:00:33]} 25. Bg2 {[%emt 0:00:55]} Ba4 {[%emt 0:01:59]} 26. Rc1 {[%emt 0:03:13]} Bb5 {[%emt 0:02:37]} 27. f4 {[%emt 0:02:15]} Rxc4 {[%emt 0:01:12]} 28. Rxc4 {[%emt 0:00:29]} Bxc4 {[%emt 0:00:01]} 29. Ra3 {[%emt 0:00:06]} a6 {[%emt 0:00:52]} 30. Bxb6 {[%emt 0:00:59]} Bd4+ {[%emt 0:01:59]} 31. Bxd4 {[%emt 0:00:08]} Nxd4 {[%emt 0:00:02]} 32. Bf1 {[%emt 0:02:25]} Bxf1 {[%emt 0:00:59]} 33. Kxf1 {[%emt 0:00:07]} Rb8 {[%emt 0:01:00]} 34. Rxa6 {[%emt 0:00:24]} Rxb4 {[%emt 0:00:09]} 35. a4 {[%emt 0:00:56]} Rb2 {[%emt 0:01:01]} 36. Ra7 {[%emt 0:02:20]} Kf8 {[%emt 0:01:53]} 37. Ra8+ {[%emt 0:00:32]} Kg7 {[%emt 0:00:06]} 38. Re8 {[%emt 0:01:21]} Kf6 {[%emt 0:01:29]} 39. Rh8 {[%emt 0:00:49]} h5 {[%emt 0:00:38]} 40. a5 {[%emt 0:01:30]} Ra2 {[%emt 0:00:13]} 41. Ra8 {[%emt 0:30:47]} Nc6 {[%emt 0:31:24]} 42. e5+ {[%emt 0:02:35]} Ke6 {[%emt 0:01:05]} 43. exd6 {[%emt 0:00:54]} exd6 {[%emt 0:00:59]} 44. a6 {[%emt 0:00:13]} Kf6 {[%emt 0:01:18]} 45. g4 {[%emt 0:00:29]} hxg4 {[%emt 0:00:45]} 46. hxg4 {[%emt 0:00:07]} Nb4 {[%emt 0:00:55]} 47. Rb8 Nxa6 {[%emt 0:03:04]} 48. Rb6 {[%emt 0:00:56]} Ke6 {[%emt 0:00:53]} 49. f5+ {[%emt 0:00:28]} gxf5 {[%emt 0:00:14]} 50. gxf5+ {[%emt 0:00:05]} Ke5 {[%emt 0:00:50]} 51. Rb5+ {[%emt 0:01:04]} Nc5 {[%emt 0:01:10]} 52. Rb6 {[%emt 0:00:16]} Rd2 {[%emt 0:00:00]} 53. Rc6 {[%emt 0:00:00]} Ne4 {[%emt 0:00:00]} 54. Rc7 {[%emt 0:00:00]} f6 {[%emt 0:00:00]} 55. Re7+ {[%emt 0:00:00]} Kxf5 {[%emt 0:00:00]} 56. Rh7 {[%emt 0:00:00]} Ke5 {[%emt 0:00:00]} 57. Rh3 {[%emt 0:00:00]} Ra2 {[%emt 0:00:00]} 58. Rh7 {[%emt 0:00:00]} f5 {[%emt 0:00:00]} 59. Rh3 {[%emt 0:00:00]} d5 {[%emt 0:00:00]} 60. Rh7 {[%emt 0:00:00]} Kf4 {[%emt 0:00:00]} 61. Rh3 {[%emt 0:00:00]} Ng3+ {[%emt 0:00:00]} 62. Kg1 {[%emt 0:00:00]} Kf3 {[%emt 0:00:00]} 63. Rh4 {[%emt 0:00:00]} Ra1+ {[%emt 0:00:00]} 64. Kh2 {[%emt 0:00:00]} Rh1# {normal} 0-1

[Event "DVM U20 2019"]
[Site "Braunschweig"]
[Date "2019.12.27"]
[Round "2"]
[White "Heise, Tobias"]
[Black "Grining, Maria"]
[Result "1-0"]
[WhiteElo "1712"]
[BlackElo "1744"]
[Annotator "NA"]
[PlyCount "72"]
[EventDate "2019.12.27"]
[EventType "team-tourn"]
[EventRounds "7"]
[EventCountry "GER"]
[SourceTitle "playchess.com"]
[Source "ChessBase"]
[SourceQuality "1"]
[WhiteTeam "SK Lehrte 1919"]
[BlackTeam "Karlsruher SF"]
[TimeControl "40/5400+30:1800+30"]

1. d4 {[%emt 0:00:00]} d5 {[%emt 0:00:00]} 2. Nf3 {[%emt 0:00:00]} Nf6 {[%emt 0:00:00]} 3. Bf4 {[%emt 0:00:00]} e6 {[%emt 0:00:38]} 4. c3 {[%emt 0:00:55]} c5 {[%emt 0:00:31]} 5. e3 {[%emt 0:00:14]} Be7 {[%emt 0:00:48]} 6. Bd3 {[%emt 0:00:31]} Nbd7 {[%emt 0:00:57]} 7. Nbd2 {[%emt 0:00:49]} O-O {[%emt 0:01:29]} 8. h3 {[%emt 0:01:43]} b6 {[%emt 0:10:10]} 9. Ne5 {[%emt 0:06:16]} Bb7 {[%emt 0:05:11]} 10. Qe2 {[%emt 0:08:00]} Nxe5 {[%emt 0:08:17]} 11. dxe5 {[%emt 0:00:27]} Ne4 {[%emt 0:00:46]} 12. Nxe4 {[%emt 0:21:51]} dxe4 {[%emt 0:00:10]} 13. Bc2 Bg5 14. Bg3 {[%emt 0:05:50]} Qd5 {[%emt 0:32:48]} 15. O-O {[%emt 0:01:59]} Rad8 {[%emt 0:01:28]} 16. Rfd1 {[%emt 0:04:53]} Qc6 {[%emt 0:00:16]} 17. Rd6 {[%emt 0:02:01]} Rxd6 {[%emt 0:04:10]} 18. exd6 {[%emt 0:00:04]} Bf6 {[%emt 0:02:13]} 19. Rd1 {[%emt 0:04:35]} Rd8 {[%emt 0:01:24]} 20. Rd2 {[%emt 0:05:43]} c4 {[%emt 0:05:47]} 21. Qg4 {[%emt 0:06:14]} e5 {[%emt 0:04:10]} 22. d7 {[%emt 0:06:18]} Qe6 23. Qd1 {[%emt 0:01:27]} Be7 {[%emt 0:01:28]} 24. b3 {[%emt 0:01:30]} Bc6 {[%emt 0:06:28]} 25. bxc4 {[%emt 0:00:14]} Rxd7 {[%emt 0:01:31]} 26. Rxd7 {[%emt 0:00:27]} Qxd7 {[%emt 0:00:31]} 27. Bxe5 {[%emt 0:01:41]} Qxd1+ {[%emt 0:04:08]} 28. Bxd1 {[%emt 0:00:03]} f6 {[%emt 0:00:58]} 29. Bd4 {[%emt 0:01:38]} Kf8 {[%emt 0:00:58]} 30. Bb3 {[%emt 0:02:42]} Ke8 {[%emt 0:01:51]} 31. a4 {[%emt 0:00:38]} Bc5 {[%emt 0:01:22]} 32. Kf1 {[%emt 0:00:47]} Kd7 {[%emt 0:00:34]} 33. Ke2 {[%emt 0:00:16]} Kd6 {[%emt 0:01:01] normal} 34. f3 {[%emt 0:00:45] normal} Ke6 {[%emt 0:03:10] normal} 35. Bc2 {[%emt 0:03:38]} exf3+ {[%emt 0:01:17]} 36. gxf3 h6 {[%emt 0:00:34] normal} 1-0

[Event "DVM U20 2019"]
[Site "Braunschweig"]
[Date "2019.12.27"]
[Round "2"]
[White "Meyer, Julian"]
[Black "Mundt, Alexandra"]
[Result "0-1"]
[WhiteElo "1664"]
[BlackElo "1775"]
[Annotator "NA"]
[PlyCount "40"]
[EventDate "2019.12.27"]
[EventType "team-tourn"]
[EventRounds "7"]
[EventCountry "GER"]
[SourceTitle "playchess.com"]
[Source "ChessBase"]
[SourceQuality "1"]
[WhiteTeam "USV TU Dresden"]
[BlackTeam "Lübecker SV"]
[TimeControl "40/5400+30:1800+30"]

1. d4 {[%emt 0:00:00]} Nf6 {[%emt 0:00:00]} 2. c4 {[%emt 0:00:00]} e6 {[%emt 0:00:00]} 3. Nc3 {[%emt 0:00:00]} d5 {[%emt 0:00:07]} 4. Bg5 {[%emt 0:00:28]} Be7 {[%emt 0:00:47]} 5. e3 {[%emt 0:00:56]} c5 {[%emt 0:01:39]} 6. cxd5 {[%emt 0:03:08]} cxd4 {[%emt 0:01:19]} 7. Qxd4 {[%emt 0:01:24]} exd5 {[%emt 0:03:18]} 8. Rd1 {[%emt 0:03:56]} Nc6 {[%emt 0:02:13]} 9. Qd2 {[%emt 0:01:32]} Be6 {[%emt 0:05:52]} 10. Nf3 {[%emt 0:09:33]} O-O {[%emt 0:10:10]} 11. g3 {[%emt 0:00:30]} Ne4 {[%emt 0:09:29]} 12. Nxe4 {[%emt 0:04:22]} dxe4 {[%emt 0:00:15]} 13. Qxd8 {[%emt 0:00:45]} Raxd8 {[%emt 0:00:18]} 14. Bxe7 {[%emt 0:00:22]} Nxe7 {[%emt 0:06:22]} 15. Nd2 a6 16. Bg2 {[%emt 0:06:26]} f5 {[%emt 0:04:32]} 17. a3 {[%emt 0:00:43]} Rd3 {[%emt 0:05:59]} 18. Ke2 Rfd8 {[%emt 0:07:41]} 19. f3 {[%emt 0:15:55]} Bd7 {[%emt 0:08:12] normal} 20. fxe4 {[%emt 0:09:20] normal} Bb5 {[%emt 0:00:40] normal} 0-1

[Event "DVM U20 2019"]
[Site "Braunschweig"]
[Date "2019.12.27"]
[Round "2"]
[White "Habersetzer, Elyse"]
[Black "Fischer, Patrick"]
[Result "0-1"]
[WhiteElo "1650"]
[BlackElo "1604"]
[Annotator "NA"]
[PlyCount "49"]
[EventDate "2019.12.27"]
[EventType "team-tourn"]
[EventRounds "7"]
[EventCountry "GER"]
[SourceTitle "playchess.com"]
[Source "ChessBase"]
[SourceQuality "1"]
[WhiteTeam "SK Turm Kleve"]
[BlackTeam "SF HN-Biberach"]
[TimeControl "40/5400+30:1800+30"]

1. d4 {[%emt 0:00:00]} d5 {[%emt 0:00:00]} 2. e3 {[%emt 0:00:00]} c6 {[%emt 0:00:00]} 3. Bd3 {[%emt 0:00:00]} Nf6 {[%emt 0:00:10]} 4. f4 {[%emt 0:00:16]} e6 {[%emt 0:00:29]} 5. Nf3 {[%emt 0:00:27]} c5 {[%emt 0:01:19]} 6. c3 {[%emt 0:00:43]} Nc6 {[%emt 0:01:14]} 7. O-O {[%emt 0:00:45]} c4 {[%emt 0:03:34]} 8. Bc2 {[%emt 0:00:42]} Be7 {[%emt 0:01:40]} 9. Nbd2 {[%emt 0:00:57]} O-O {[%emt 0:00:23]} 10. Ne5 {[%emt 0:00:40]} Bd7 {[%emt 0:03:56]} 11. Rf3 {[%emt 0:07:24]} g6 {[%emt 0:01:54]} 12. Rh3 {[%emt 0:06:38]} b5 {[%emt 0:00:51]} 13. a3 {[%emt 0:05:07]} Ne8 {[%emt 0:07:53]} 14. e4 {[%emt 0:05:24]} f5 {[%emt 0:01:06]} 15. exd5 {[%emt 0:06:46]} exd5 {[%emt 0:00:10]} 16. Re3 {[%emt 0:04:11]} Nf6 {[%emt 0:00:38]} 17. Qe1 {[%emt 0:03:45]} Ne4 {[%emt 0:00:18]} 18. g4 {[%emt 0:10:26]} Bh4 {[%emt 0:02:43]} 19. Qe2 {[%emt 0:02:06]} Bf2+ {[%emt 0:01:57]} 20. Kh1 {[%emt 0:01:32]} Bxe3 {[%emt 0:00:38]} 21. Qxe3 {[%emt 0:00:50]} Nxd2 {[%emt 0:10:55]} 22. Nxc6 {[%emt 0:02:32]} Bxc6 {[%emt 0:00:36]} 23. Qe6+ {[%emt 0:01:48]} Rf7 {[%emt 0:03:48]} 24. gxf5 {[%emt 0:05:30]} Bd7 {[%emt 0:03:50]} 25. Qxd5 {[%emt 0:00:26] normal} 0-1

[Event "DVM U20 2019"]
[Site "Braunschweig"]
[Date "2019.12.27"]
[Round "2"]
[White "Honisch, Alexander"]
[Black "Schäfer, Melvin"]
[Result "1/2-1/2"]
[WhiteElo "1477"]
[BlackElo "1392"]
[Annotator "NA"]
[PlyCount "101"]
[EventDate "2019.12.27"]
[EventType "team-tourn"]
[EventRounds "7"]
[EventCountry "GER"]
[SourceTitle "playchess.com"]
[Source "ChessBase"]
[SourceQuality "1"]
[WhiteTeam "SK Bebenhausen"]
[BlackTeam "SG Trier"]
[TimeControl "40/5400+30:1800+30"]

1. e4 {[%emt 0:00:00]} d5 {[%emt 0:00:00]} 2. exd5 {[%emt 0:00:09]} Qxd5 {[%emt 0:00:01]} 3. Nc3 {[%emt 0:00:31]} Qa5 {[%emt 0:00:18]} 4. d4 {[%emt 0:00:47]} Nf6 {[%emt 0:00:34]} 5. Nf3 {[%emt 0:01:07]} Bg4 {[%emt 0:01:02]} 6. Be2 {[%emt 0:01:21]} e6 {[%emt 0:02:56]} 7. O-O {[%emt 0:03:46]} c6 {[%emt 0:01:40]} 8. Ne5 {[%emt 0:06:39]} Bxe2 {[%emt 0:03:00]} 9. Qxe2 {[%emt 0:00:29]} Nbd7 {[%emt 0:08:02]} 10. Bf4 {[%emt 0:02:51]} Qb4 {[%emt 0:07:05]} 11. Nxd7 {[%emt 0:08:34]} Nxd7 {[%emt 0:01:04]} 12. Qd3 {[%emt 0:06:47]} Be7 {[%emt 0:17:52]} 13. a3 {[%emt 0:03:22]} Qb6 {[%emt 0:04:06]} 14. Rfe1 {[%emt 0:11:20]} Rd8 {[%emt 0:10:13]} 15. b3 {[%emt 0:09:28]} Nf6 {[%emt 0:06:06]} 16. Be3 {[%emt 0:07:35]} O-O {[%emt 0:05:42]} 17. Qc4 {[%emt 0:01:38]} Nd5 {[%emt 0:06:31]} 18. Nxd5 {[%emt 0:03:19]} Rxd5 {[%emt 0:00:23]} 19. Qe2 {[%emt 0:02:03]} Bf6 {[%emt 0:04:25]} 20. c4 {[%emt 0:03:36]} Rd7 {[%emt 0:00:27]} 21. Red1 {[%emt 0:06:54]} Bxd4 {[%emt 0:03:05]} 22. Bxd4 {[%emt 0:02:20]} Rxd4 {[%emt 0:00:14]} 23. Rxd4 {[%emt 0:00:25]} Qxd4 {[%emt 0:00:05]} 24. Rd1 {[%emt 0:00:16]} Qb6 {[%emt 0:03:41]} 25. Rd3 {[%emt 0:01:08]} Rd8 {[%emt 0:01:18]} 26. Rxd8+ {[%emt 0:00:31]} Qxd8 {[%emt 0:00:07]} 27. h3 {[%emt 0:01:19]} h6 {[%emt 0:01:02]} 28. Qb2 {[%emt 0:00:40]} Qd6 {[%emt 0:01:25]} 29. b4 {[%emt 0:00:50]} b6 {[%emt 0:00:57]} 30. Qb3 {[%emt 0:00:37]} b5 {[%emt 0:01:40]} 31. cxb5 {[%emt 0:00:16]} cxb5 {[%emt 0:00:16]} 32. a4 {[%emt 0:00:22]} Qe5 {[%emt 0:01:41]} 33. axb5 {[%emt 0:01:07]} Qxb5 {[%emt 0:00:08]} 34. Qc3 {[%emt 0:00:36]} Qd7 {[%emt 0:01:34]} 35. Qc5 {[%emt 0:01:12]} Qb7 {[%emt 0:01:21]} 36. b5 {[%emt 0:01:31]} Qb6 {[%emt 0:01:03]} 37. Qc6 {[%emt 0:00:35]} Qb8 {[%emt 0:01:35]} 38. g3 {[%emt 0:01:09]} g6 {[%emt 0:00:51]} 39. Qd7 {[%emt 0:01:27]} Kg7 {[%emt 0:01:49]} 40. Qd4+ {[%emt 0:01:16]} Kg8 {[%emt 0:00:53]} 41. Qd7 {[%emt 0:30:16]} Kg7 {[%emt 0:33:04]} 42. Qd4+ {[%emt 0:02:29]} Kg8 {[%emt 0:00:00]} 43. Qd7 {[%emt 0:00:00]} Qe5 {[%emt 0:00:00]} 44. Qc8+ {[%emt 0:00:00]} Kg7 {[%emt 0:00:00]} 45. Qa6 {[%emt 0:00:00]} Qe1+ {[%emt 0:00:00]} 46. Kg2 {[%emt 0:00:00]} Qe4+ {[%emt 0:00:00]} 47. Kg1 {[%emt 0:00:00]} Qe1+ {[%emt 0:00:00]} 48. Kg2 {[%emt 0:00:00]} Qe4+ {[%emt 0:00:00]} 49. Kg1 {[%emt 0:00:00]} Qe1+ {[%emt 0:00:00]} 50. Kg2 {[%emt 0:00:00]} Qe4+ {[%emt 0:00:00]} 51. Kg1 {[%emt 0:01:07] normal} 1/2-1/2

[Event "DVM U20 2019"]
[Site "Braunschweig"]
[Date "2019.12.27"]
[Round "2"]
[White "Gerold, Robin"]
[Black "van Haaren, Laurens Jan"]
[Result "0-1"]
[WhiteElo "1448"]
[BlackElo "1482"]
[Annotator "NA"]
[PlyCount "108"]
[EventDate "2019.12.27"]
[EventType "team-tourn"]
[EventRounds "7"]
[EventCountry "GER"]
[SourceTitle "playchess.com"]
[Source "ChessBase"]
[SourceQuality "1"]
[WhiteTeam "SF HN-Biberach"]
[BlackTeam "SK Turm Kleve"]
[TimeControl "40/5400+30:1800+30"]

1. c4 {[%emt 0:00:00]} g6 {[%emt 0:00:00]} 2. g3 {[%emt 0:00:00]} Bg7 {[%emt 0:00:00]} 3. Bg2 {[%emt 0:00:00]} e6 {[%emt 0:00:18]} 4. Nf3 {[%emt 0:00:22]} Ne7 {[%emt 0:01:15]} 5. O-O {[%emt 0:00:09]} Nbc6 {[%emt 0:00:37]} 6. d3 O-O {[%emt 0:01:53]} 7. Nbd2 {[%emt 0:08:28]} b6 {[%emt 0:01:30]} 8. Rb1 {[%emt 0:00:59]} Bb7 {[%emt 0:00:10]} 9. b4 {[%emt 0:04:20]} d5 {[%emt 0:05:46]} 10. Bb2 {[%emt 0:03:22]} d4 {[%emt 0:04:54]} 11. b5 {[%emt 0:00:34]} Na5 {[%emt 0:00:14]} 12. Nb3 {[%emt 0:00:59]} Nxb3 {[%emt 0:03:22]} 13. Qxb3 {[%emt 0:00:06]} e5 {[%emt 0:01:14]} 14. a4 {[%emt 0:00:33]} c5 {[%emt 0:00:42]} 15. Ra1 {[%emt 0:00:18]} Qc7 {[%emt 0:03:44]} 16. Bc1 {[%emt 0:00:43]} f5 {[%emt 0:01:08]} 17. Bd2 {[%emt 0:02:49]} e4 {[%emt 0:08:00]} 18. Bf4 {[%emt 0:04:25]} Qd7 {[%emt 0:00:12]} 19. Ne1 {[%emt 0:01:30]} e3 {[%emt 0:01:32]} 20. Bxb7 {[%emt 0:02:51]} exf2+ {[%emt 0:01:19]} 21. Rxf2 {[%emt 0:00:11]} Qxb7 {[%emt 0:00:16]} 22. a5 {[%emt 0:01:41]} h6 {[%emt 0:06:06]} 23. a6 {[%emt 0:01:03]} Qd7 {[%emt 0:00:15]} 24. Rd1 {[%emt 0:08:13]} g5 {[%emt 0:02:53]} 25. Bc1 {[%emt 0:00:35]} Ng6 {[%emt 0:00:58]} 26. Ng2 {[%emt 0:00:33]} Rae8 {[%emt 0:00:15]} 27. Qc2 {[%emt 0:02:01]} Be5 {[%emt 0:02:45]} 28. Re1 {[%emt 0:04:57]} f4 {[%emt 0:07:47]} 29. gxf4 {[%emt 0:01:27]} Nxf4 {[%emt 0:01:51]} 30. Bxf4 {[%emt 0:00:24]} Bxf4 {[%emt 0:01:21]} 31. Nxf4 {[%emt 0:00:13]} Rxf4 {[%emt 0:00:11]} 32. Ref1 {[%emt 0:03:37]} Qg4+ {[%emt 0:11:04]} 33. Rg2 {[%emt 0:02:21]} Rxf1+ {[%emt 0:01:27]} 34. Kxf1 {[%emt 0:00:09]} Rf8+ {[%emt 0:01:30]} 35. Kg1 {[%emt 0:01:01]} Qf4 {[%emt 0:02:23]} 36. Qd1 {[%emt 0:02:25]} Qe3+ {[%emt 0:00:06]} 37. Kh1 {[%emt 0:00:08]} Rf2 {[%emt 0:00:47]} 38. Qe1 {[%emt 0:02:01]} Rxg2 {[%emt 0:02:56]} 39. Kxg2 {[%emt 0:00:10]} Qf4 {[%emt 0:05:45]} 40. Qg3 {[%emt 0:00:48]} Qxg3+ {[%emt 0:03:09]} 41. Kxg3 {[%emt 0:30:38]} Kf7 {[%emt 0:32:48]} 42. Kf3 {[%emt 0:00:27]} Ke6 {[%emt 0:00:54]} 43. Ke4 {[%emt 0:00:19]} h5 {[%emt 0:01:55]} 44. h3 {[%emt 0:00:16]} h4 {[%emt 0:01:16]} 45. Kf3 {[%emt 0:00:40]} Kf5 {[%emt 0:01:07]} 46. e4+ {[%emt 0:06:18]} dxe3 {[%emt 0:01:52]} 47. Kxe3 {[%emt 0:00:04]} g4 {[%emt 0:05:56]} 48. d4 {[%emt 0:00:10]} cxd4+ {[%emt 0:00:38]} 49. Kxd4 {[%emt 0:00:23]} gxh3 {[%emt 0:00:09]} 50. c5 {[%emt 0:00:36]} h2 {[%emt 0:00:33]} 51. cxb6 {[%emt 0:00:08]} h1=Q 52. b7 Qg1+ {[%emt 0:01:56]} 53. Kd5 {[%emt 0:01:02]} Qb6 {[%emt 0:00:12]} 54. Kc4 {[%emt 0:00:06]} h3 {[%emt 0:00:15] normal} 0-1